00855nam a2200205 i 4500001000700000003000900007005001700016007000300033008004100036100004400077245008800121260005000209300005100259500009900310650003400409710003500443852003100478999001900509952012100528101733ES-MaACL20250814080953.0t|051021s1947 sp ||||1| spa d1 aMeléndez, Bermudo, d1912-199997990510aTratado de Paleontología b: Tomo I. Invertebrados... / cpor Bermudo Meléndez. aMadrid : b[s.n.], c1947 (fImp. S. Aguirre) aXXIII, 512 p., lám. I-VII : bil. ; c24 cm. aPrecede al tít.: Consejo Superior de Investigaciones Científicas. Instituto Lucas Mallada.07aPaleontología2embne91580800aInstituto Lucas Mallada.95122 aES-MaACLjL-6867 bR.25149 c101733d101733 00104070aATENEOMbATENEOMcDEPO2d2008-01-17eSCl0oL-6867p1106207r2023-02-23 00:00:00w2023-02-23yMONOGRAFIA